| 000 | 01253cam a2200349 a 4500 | ||
|---|---|---|---|
| 001 | 13293485 | ||
| 003 | OSt | ||
| 005 | 20240222103541.0 | ||
| 008 | 030729s2002 enka 001 0 eng | ||
| 010 | _a 2003464948 | ||
| 015 | _aGBA2-V6402 | ||
| 020 | _a1855859890 | ||
| 020 | _a9781855859890 | ||
| 035 | _a(OCoLC)ocm50402020 | ||
| 040 |
_aUKM _cUKM _dOCLCQ _dDLC |
||
| 042 | _alccopycat | ||
| 050 | 0 | 0 |
_aTT298 _b.G4297 2002 |
| 082 | 0 | 0 |
_a748.50282 _222 _bGEA |
| 100 | 1 |
_aGear, Alan D. _9121045 |
|
| 245 | 1 | 0 |
_aFast glass painting : _btechniques and projects for glass painters in a hurry / _cAlan D. Gear and Barry L. Freestone. |
| 260 |
_aLondon : _bCollins & Brown, _c2002. |
||
| 300 |
_a128 p. : _bcol. ill. ; _c29 cm. |
||
| 500 | _aIncludes index. | ||
| 650 | 0 |
_aGlass craft. _9121046 |
|
| 650 | 0 |
_aGlass painting and staining. _9121047 |
|
| 700 | 1 |
_aFreestone, Barry L. _9121048 |
|
| 856 | 4 | 2 |
_3Publisher description _uhttp://www.loc.gov/catdir/description/ste041/2003464948.html |
| 906 |
_a7 _bcbc _ccopycat _d2 _encip _f20 _gy-gencatlg |
||
| 942 |
_2ddc _cREF |
||
| 999 |
_c608005 _d608005 |
||